Συμμετοχή των πολιτών στις διαδικασίες λήψης αποφάσεων για ζητήματα περιβάλλοντος, με αναφορά στην περίπτωση της Ελλάδος : μεταπτυχιακή διατριβή

Αποθηκεύτηκε σε:
Λεπτομέρειες βιβλιογραφικής εγγραφής
Κύριος συγγραφέας: Κουζινόγλου, Σοφοκλής Ν.
Συγγραφή απο Οργανισμό/Αρχή: Πανεπιστήμιο Αιγαίου Σχολή Περιβάλλοντος Τμήμα Περιβάλλοντος Πρόγραμμα Μεταπτυχιακών Σπουδών Περιβαλλοντική Πολιτική και Διαχείριση
Άλλοι συγγραφείς: Σοφούλης, Κώστας Μαν., 1937-2020 (Εισηγητής διατριβής)
Μορφή: Thesis Βιβλίο
Γλώσσα:Greek
Δημοσίευση: Μυτιλήνη : Πανεπιστήμιο Αιγαίου, Τμήμα Περιβάλλοντος, Μεταπτυχιακό Πρόγραμμα Σπουδών στην Περιβαλλοντική Πολιτική και Διαχείριση, 2004
Θέματα:
Διαθέσιμο Online:http://hdl.handle.net/11610/14982
Ετικέτες: Προσθήκη ετικέτας
Δεν υπάρχουν, Καταχωρήστε ετικέτα πρώτοι!

MARC

LEADER 00000cam a2200000 i 4500
001 1/81782
008 050720s2004 gre d
035 |l 10079355 
040 |a GR-MY-UA  |b gre  |e aacr 
041 0 |a gre 
082 0 |a 363.7  |2 (22) 
100 1 |a Κουζινόγλου, Σοφοκλής Ν. 
245 1 0 |a Συμμετοχή των πολιτών στις διαδικασίες λήψης αποφάσεων για ζητήματα περιβάλλοντος, με αναφορά στην περίπτωση της Ελλάδος :  |b μεταπτυχιακή διατριβή /  |c Κουζινόγλου Ν. Σοφοκλής ; υπεύθυνος καθηγητής Κωνσταντίνος Μ. Σοφούλης 
260 |a Μυτιλήνη :   |b Πανεπιστήμιο Αιγαίου, Τμήμα Περιβάλλοντος, Μεταπτυχιακό Πρόγραμμα Σπουδών στην Περιβαλλοντική Πολιτική και Διαχείριση,   |c 2004 
300 |a 49 σ.;  |b πιν.;  |c 30 εκ. 
502 |a Διατριβή (μεταπτυχιακή) – Πανεπιστήμιο Αιγαίου, Λέσβος, 2003. 
504 |a Βιβλιογραφία: 45-49 
650 0 0 |a Environmental protection  |x Citizen participation. 
650 0 0 |a Environmental policy  |x Citizen participation. 
650 0 0 |a Environmental protection  |z Greece. 
650 0 0 |a Environmental protection  |x Public opinion. 
650 0 0 |a Dissertations, Academic  |z Greece. 
700 1 |a Σοφούλης, Κώστας Μαν.,   |d 1937-2020.  |4 ths 
710 2 |a Πανεπιστήμιο Αιγαίου  |b Σχολή Περιβάλλοντος  |b Τμήμα Περιβάλλοντος  |b Πρόγραμμα Μεταπτυχιακών Σπουδών Περιβαλλοντική Πολιτική και Διαχείριση. 
852 |a INST  |b LESVOS  |c DIATR  |e 20050801  |h 205  |p 005100031463  |q 005100031463  |t MTXE  |y 23 
852 |a INST  |b LESVOS  |c DIATR  |e 20050720  |h 206  |p 005100031464  |q 005100031464  |t MTXE  |y 23 
856 |u http://hdl.handle.net/11610/14982 
901 |a BIBL1-2005-2 
909 |a Λ  |b 115395 
909 |a Λ  |b 115396 
924 |a ΚΟΥΖΙΝΟΓΛΟΥ  |b ΣΟΦΟΚΛΗΣ Ν.  |y ΛΕΣΒΟΣ  |z 2004-10 
970 |a ΜΑΡΙΝΑΤΟΥ  |b ΜΥΡΣΙΝΗ  |z 2005/07/20